Descartes (Record no. 799482)
[ view plain ]
| 000 -CABECERA | |
|---|---|
| Campo de control de longitud fija | 00502nam a2200181 4500 |
| 001 - NÚMERO DE CONTROL | |
| Campo de control | VA38470 |
| 003 - IDENTIFICADOR DEL NÚMERO DE CONTROL | |
| Campo de control | ES-SlBCS |
| 005 - FECHA Y HORA DE LA ÚLTIMA TRANSACCIÓN | |
| Campo de control | 20210601154042.0 |
| 008 - CÓDIGOS DE INFORMACIÓN DE LONGITUD FIJA | |
| Campo de control de longitud fija | 140520s1989 xxu||||| |||| 00| 0 spa d |
| 041 ## - CÓDIGO DE LENGUA | |
| Código de lengua del texto/banda sonora o título independiente | spa |
| 100 1# - PUNTO DE ACCESO PRINCIPAL-NOMBRE DE PERSONA | |
| Nombre de persona | Garin, Eugenio |
| 9 (RLIN) | 62624 |
| 245 10 - MENCIÓN DE TÍTULO | |
| Título | Descartes |
| Mención de responsabilidad, etc. | Eugenio Garin; José Martínez Gázquez |
| 260 ## - PUBLICACIÓN, DISTRIBUCIÓN, ETC... (PIE DE IMPRENTA) | |
| Lugar de publicación, distribución, etc. | Barcelona : |
| Nombre del editor, distribuidor, etc. | Crítica |
| Fecha de publicación, distribución, etc. | , 1989 |
| 300 ## - DESCRIPCIÓN FÍSICA | |
| Extensión | 242 p.; |
| Dimensiones | 20 cm |
| 600 14 - PUNTO DE ACCESO ADICIONAL DE MATERIA-NOMBRE DE PERSONA | |
| Nombre personal | Descartes, René |
| Fechas asociadas con el nombre | , 1596-1650 |
| 9 (RLIN) | 17203 |
| 700 10 - PUNTO DE ACCESO ADICIONAL-NOMBRE DE PERSONA | |
| Nombre de persona | Martínez Gázquez, José |
| 9 (RLIN) | 6574 |
| 942 ## - ENTRADA DE ELEMENTOS AGREGADOS (KOHA) | |
| Koha [por defecto] tipo de item | Libros |
| Suprimido | Perdido | Estropeado | No para préstamo | Localización permanente | Localización actual | Localización en estantería | Fecha adquisición | Préstamos totales | Signatura completa | Número de Registro / Código de Barras | Fecha última consulta | Fecha del precio de reemplazo | Tipo de item de Koha |
|---|---|---|---|---|---|---|---|---|---|---|---|---|---|
| San Esteban | San Esteban | Valladolid | 11/07/2014 | 31/A4 | VA38470 | 11/07/2014 | 11/07/2014 | Libros |
